Europäische Hauptstädte nach Buchstaben- C - Statistiken

Allgemein
  • Dieses Quiz wurde 99 mal gespielt
    82 seit der letzten Aktualisierung
  • Das Durchschnittsergebnis liegt bei 4 aus 5
Antwortstatistiken
Antwort % Korrekt
Chisinau
93%
Warschau
88%
Stockholm
87%
Monaco
67%
Podgorica
64%
Keine übereinstimmenden Quizze gefunden
Verteilung der Resultate
Anzahl Personen mit jedem Resultat
Perzentil nach korrekt beantworteten Fragen
Ihre Resultats-Entwicklung
Sie haben dieses Quiz seit der letzten Aktualisierung nicht gespielt